Statistiques concernant Capitales par fleuve

Cliquez ici pour prendre le quiz!

Statistiques générales

  • Ce quiz a été pris 164 fois
  • Le résultat moyen est 12 sur 20

Statistiques - réponses

FleuveCapitales% Correct
TamiseLondres
99%
SeineParis
99%
NilLe Caire / Djouba / Khartoum
98%
DanubeBelgrade / Bratislava /
Budapest / Vienne
87%
CongoBrazzaville / Kinshasa
86%
TibreRome
77%
AmstelAmsterdam
73%
TigreBagdad
71%
PotomacWashington
67%
DnieprKiev
61%
NigerBamako / Niamey
60%
VistuleVarsovie
60%
TageLisbonne
56%
MekongPhnom Penh / Vientiane
55%
SpreeBerlin
38%
LiffeyDublin
36%
VltavaPrague
35%
HanSeoul
30%
ManzanaresMadrid
24%
SumidaTokyo
14%

Distribution des résultats

Percentile par nombre de réponses

% des personnes avec chaque résultat

Votre développement - résultats

Vous n’avez pas pris ce quiz